00538nam a2200181 a 450000100060000000300090000600800410001502000150005604000280007108200160009910000250011524500510014026000370019130000110022865000440023965000460028365000270032918414CO-ViMGA141112s2004 ck r 000 u spa d a958927286X aCO-ViMGAbspacCO-ViMGA04a303.6 G659c1 aGonzales, Jose Jairo10aConflictos regionales . Amazonia y Orinoquía aBogotá, cTercer Mundo, c1998 a199.p.14aAMAZONIA (COLOMBIA - PROBLEMAS SOCIALES14aORINOQUIA (COLOMBIA) - PROBLEMAS SOCIALES14aSOLUCION DE CONFLICTOS